| 000 | 00447nam a22001577a 4500 | ||
|---|---|---|---|
| 005 | 20251127111936.0 | ||
| 008 | 251127b |||||||| |||| 00| 0 eng d | ||
| 020 | _a81-7169-652-X | ||
| 050 | _aKSK 2399.M37 2001 | ||
| 100 | _aMARKANDAN K.C | ||
| 245 |
_aVERDICT ON OUTRAGED CONSTITUTION _bDISTORTED PERCEPTION OF OUR CONSITITUONAL FRAMEWORK |
||
| 250 | _a1st | ||
| 260 |
_aNEW DELHI _bCOMMONWEALTH _c2001 |
||
| 300 | _aX,317 | ||
| 942 |
_2lcc _cBK |
||
| 999 |
_c216306 _d216306 |
||